Statistiques concernant Pays à trouver 10 (3 lettres)

Cliquez ici pour prendre le quiz!

Statistiques générales

  • Ce quiz a été pris 353 fois
  • Le résultat moyen est 10 sur 12

Statistiques - réponses

Réponse% Correct
Danemark
97%
Namibie
96%
Biélorussie
95%
Tanzanie
95%
Canada
92%
Andorre
88%
Liechtenstein
87%
Monténégro
87%
Sierra Leone
82%
Monaco
80%
Mongolie
79%
Lesotho
71%

Distribution des résultats

Percentile par nombre de réponses

% des personnes avec chaque résultat

Votre développement - résultats

Vous n’avez pas pris ce quiz